00485cam a22001577a 4500003000500000005001700005008004100022010001000063011001000073035001000083040000900093100002000102245008800122500009300210650002400303CHAP20220817041849.0971013s r 00010 d a26940 a27912 a32013 cCHAP00aLa Rue, Carl D.12aA leaf-fall disease of Hevea brasiliensis Arg. due to Gloesporium alborubrum petch. aSobretrio de: Papers of the Michigan Academy of Science, Arts and Letters. 2:73-90, 192214aHevea brasiliensis.